Statistics for Animal Alphabet Picture 33

Click here to take the quiz!

General Stats

  • This quiz has been taken 21 times
  • The average score is 16 of 26

Answer Stats

Answer% Correct
Bison
90%
Armadillo
85%
Deer
85%
Eagle
85%
Lion
85%
Octopus
85%
Panther
85%
Rabbit
85%
Falcon
80%
Gazelle
80%
Hippopotamus
80%
Chinchilla
75%
Walrus
75%
Jackal
70%
Meerkat
65%
Snow Leopard
65%
Ibex
55%
Tasmanian Devil
45%
Yorkshire Terrier
40%
Zebra Butterfly
35%
Vicuna
25%
Kinkajou
20%
Nyala
20%
Quagga
20%
Umbrella Bird
20%
Xerus
10%

Score Distribution

Percentile by Number Answered

Percent of People with Each Score

Your Score History

You have not taken this quiz